000 01178cam a2200349 a 4500
001 13254672
003 OSt
005 20140315111519.0
008 030627s2004 nyu j 000 1 eng
010 _a 2003055430
020 _a0525471839
040 _aDLC
_cDLC
_dDLC
042 _alcac
050 0 0 _aPZ 7
_b.M22423 2006
100 1 _aMacLean, Christine Kole.
_928083
245 1 0 _aMary Margaret and the perfect pet plan /
_cChristine Kole MacLean.
250 _a1st ed.
260 _aNew York :
_bDutton Children's Books,
_c2006.
300 _a168 p. :
_c22 cm.
521 _aG5
526 _c710
650 1 _aPets
_vFiction.
_928084
650 1 _aBabies
_vFiction.
_928085
650 1 _aFamily life
_vFiction.
_928086
856 4 2 _3Contributor biographical information
_uhttp://www.loc.gov/catdir/enhancements/fy0719/2003055430-b.html
856 4 2 _3Publisher description
_uhttp://www.loc.gov/catdir/enhancements/fy0719/2003055430-d.html
906 _a7
_bcbc
_corignew
_d1
_eocip
_f20
_gy-gencatlg
942 _2lcc
_cBK
999 _c47443
_d47443